000 00786nam a22002537a 4500
001 BR0404034
003 BR-BrBNA
005 20230928101707.0
007 ta
008 230509b bl.||||| |||| 00| 0 por d
040 _aBR-BrBNA
_bpor
_cBiblioteca Nacional de Agricultura
041 _a(Por)
072 _aE70
090 _ E70 BR0404034
110 1 _aMinistério da Agricultura, Pecuária e Abastecimento, Brasília, DF (Brasil)
245 1 _aAgronegócio brasileiro; os recordes aqui da capa são só para você sentir o gostinho do que vai encontrar aí dentro
260 3 _aBrasília, DF (Brasil):
_c[nd].
300 _avp.
650 _aAGRONEGÓCIO
650 _aBALANÇA COMERCIAL
650 _aPRODUTIVIDADE
909 _a202309
_bLucia
_c55
_dLucia Elande
942 _cBK
999 _c67112
_d67112